Public Diplomacy in Digital Age: New Perspectives in the Dynamics of Change in International Relations

Salvato in:
Dettagli Bibliografici
Autore principale: Mattoš, Boris, 1977-
Altri autori: Kyška, Roland
Natura: Capitolo di libro
Lingua:inglese
Soggetti:
Tags: Aggiungi Tag
Nessun Tag, puoi essere il primo ad aggiungerne!!

MARC

LEADER 00000nla a2200000 4500
001 0204298
005 20240502083513.2
041 0 |a eng 
044 |a SI 
245 1 0 |a Public Diplomacy in Digital Age: New Perspectives in the Dynamics of Change in International Relations  |c Boris Mattoš, Roland Kyška 
610 2 0 |a diplomacia 
610 2 0 |a právo verejné medzinárodné 
610 2 0 |a zmluvy medzinárodné 
610 2 0 |a informácie strategické 
610 2 0 |a technológie informačné 
610 2 0 |a technológie komunikačné 
100 1 |a Mattoš, Boris, 1977- 
700 1 |a Kyška, Roland